00568 2200205 4500001002100000005001500021035002000036007000300056008004100059245005900100260003800159020002200197082001000219084001600229250001100245100002700256300005300283650001000336990001600346INLIS00000000000029820221027120314 a0010-1022000040ta221027 b h ind 1 aKomik Next-G: Aku Sayang Ibu /cSyahidah Fausta Azaria aBandung :bMuffin Graphics,c2018 a978-602-367-598-2 a741.5 a741.5 SYA k aCet. 10 aSyahidah Fausta Azaria a100 halaman :bilustrasi tidak berwarna ;c21 cm 4akomik a00000000396